000 01050cam a22003618 4500
999 _c7539
_d7539
001 18059330
003 KF560 SMI 2014
005 20210511110622.0
008 140307s2014 enk 001 0 eng
010 _a 2014009573
020 _a9781292001869 (pbk.)
040 _aDLC
_beng
_cDLC
_erda
042 _apcc
043 _ae-uk-en
050 0 0 _aKD829
_b.S64 2014
082 0 0 _a346.4104/3
_223
100 1 _aSmith, Roger J.
_q(Roger John),
_d1948-
_eauthor.
245 1 0 _aProperty law /
_cRoger J. Smith.
250 _aEight edition.
263 _a1404
264 1 _aNew York :
_bPearson Longman,
_c2014.
300 _a631p.
336 _atext
_2rdacontent
337 _aunmediated
_2rdamedia
338 _avolume
_2rdacarrier
490 0 _aLongman law series
500 _aIncludes bibliographical references and index
600 _2Property law
650 0 _aReal property
_zEngland.
906 _a7
_bcbc
_corignew
_d1
_eecip
_f20
_gy-gencatlg
942 _2lcc
_cBK
_e8th
_h560
_iSMI
_kKF